Регионална библиотека "Любен Каравелов" - Русе

Съчинения (Запис номер 182176)

MARC детайли
000 -Лидер
Контролно поле с фиксирана дължина 01366nam a2200325 c 4500
003 - Код на организацията, давaща контролен номер
Контролно поле BLK
005 - Дата и час на последна редакция
Контролно поле 20241017105412.0
008 - Елементи от данни с фиксирана дължина
fixed length control field 180411b bul|||||r ||||||| ||bul||
010 ## - Наследен системен номер
LC control number KNG00191099000
040 ## - Източник на каталожния запис
Идентификатор на билиотеката - собственик на записа BLK
041 ## - Код за език
Код за езика на текст/звукозапис или на отделно заглавие Български
Код за езика КДБФ Български
080 ## - УДК
Текстов определител УДК Българска литература
УДК код - определител по УДК 821.163.2
УДК определител -8
УДК - код + определител 821.163.2-8
100 ## - Редна дума - Автор
Автор Дебелянов, Димчо Вельов
R(LIN) 363389
139 ## - Редно поле
Редна дума Дебелянов, Димчо Вельов
Авторски знак Деб - Д 31
245 10 - Сведения за заглавието
Заглавие Съчинения
Подзаглавни данни В 2 т.
Редно поле (дума) Димчо Вельов Дебелянов; под ред. на Елка Константинова; под ред. на Надежда Александрова.
Том Т. 2.
Заглавие на том Проза ; Писма
257 ## - Страна на издаване
Страна на създаване/издаване България
260 ## - Област на издателските данни
-- София
Име на издателя, разпространителя и проч. Бълг. писател
Година на издаване 1983
300 ## - Физическа характеристика
Размери/Мащаб 18 см
380 ## - Жанр
Жанр Худож. лит.
500 ## - Общи забележки
Забележка 22 113 тир.
700 1# - Други автори (авторска отговорност)
Лично име Константинова, Елка
Автороска отговорност (Описва отношението между автора и произведението) под ред. на
9 (RLIN) 369408
700 1# - Други автори (авторска отговорност)
Лично име Александрова, Надежда
Автороска отговорност (Описва отношението между автора и произведението) под ред. на
9 (RLIN) 367895
760 1# - Описание на основната серия
Редна дума на основното описание Дебелянов, Димчо Вельов
Място на издаване, издател и година 1983
Страници - том 400 с., 8 л. портр., ил. факс.
Заглавие Т. 2. Проза ; Писма
852 ## - Местоположение
Форматна сигнатура Цб І 20631
856 4# - Електронен адрес и достъп
Електронен формат pdf - файл
Път до файла /url/
856 4# - Електронен адрес и достъп
Електронен формат pdf - файл
Път до файла /url/
942 ## - АРТИКУЛИ
Вид на библиотечния материал Книги
Скрит в OPAC Не
944 ## - СЪЗДАВАНЕ И РЕДАКЦИЯ на ЗАПИСА
Създаване/Редакция Създаване
Дата на регистрацията/редакция 29.09.2016
Служител, извършил регистрацията/редакцията 30550
Статус, дата на статуса Кети Илиева
944 ## - СЪЗДАВАНЕ И РЕДАКЦИЯ на ЗАПИСА
Създаване/Редакция Редакция
Дата на регистрацията/редакция 29.09.2016
Служител, извършил регистрацията/редакцията Нора_Радева
999 ## - СИСТЕМНИ КОНТРОЛНИ НОМЕРА
Koha biblionumber 182176
Koha biblioitemnumber 182176
Наличности
Код за отписване Код за изгубен артикул Източник на класификационната схема Код за повреда Коз за рестрикции Код за отдаване Артикулен № Име на библиотеката - собственик Име на библиотеката, в която се намира в момента Статус (Текущо местоположение) Дата на вписване в системата Местоположение - отдел Цена в лева Инвентарен номер Систематично азбучна сигнатура Баркод Номер на екземпляра Цена в евро Служебна бележка Служебен тип на артикула Бележка за публиката
  Не е изгубен Universal Decimal Classification Не е повреден само за читалня ползва се в читалня 312482 Регионална библиотека "Любен Каравелов" Русе Регионална библиотека "Любен Каравелов" Русе Хранилище 1983-01-01 Хранилище 2.30 405671 Цб І 20631 120000405671 1 1.18 Дост: Dp Вид: Д N: сф Дата: 01.01.1983 Книги  
Изтеглен Не е изгубен Universal Decimal Classification Не е повреден без рестрикции заемане за дома 312483 Регионална библиотека "Любен Каравелов" Русе Регионална библиотека "Любен Каравелов" Русе Заемна - подръчен фонд 1983-01-01 Заемна - подръчен фонд 2.30 404679 П 886.7-8/Д 31 404679 2 1.18 Вид: Сф Дата: 01.01.1983 Дата инв: 13.02.2018 Бележки инв: П2018 Книги  
Изтеглен Не е изгубен   Не е повреден без рестрикции заемане за дома 312484 Регионална библиотека "Любен Каравелов" Русе Регионална библиотека "Любен Каравелов" Русе   1983-01-01 Заемна - подръчен фонд 2.30 404680 П 886.7-8/Д 31 404680 3 1.18 Вид: Сф Дата: 01.01.1983 Книги Отч.N: 5 , Дата: 19.01.2018
Изтеглен Не е изгубен   Не е повреден без рестрикции заемане за дома 312485 Регионална библиотека "Любен Каравелов" Русе Регионална библиотека "Любен Каравелов" Русе   1983-01-01 Заемна - подръчен фонд 2.30 404682 П 886.7-8/Д 31 404682 4 1.18 Вид: Сф Дата: 01.01.1983 Книги Отч.N: 5 , Дата: 19.01.2018
Vip Innovations Ltd, Rousse, Bulgaria 2025